Nursery Rhymes Fill in the Blank - Statistics

General Stats
  • This quiz has been taken 40,491 times
    40,467 since last reset
  • The average score is 13 of 18
Answer Stats
Nursery Rhyme % Correct
Twinkle twinkle {little} {star}, how I wonder what you are?
100%
Rain rain go away / Come again {another} {day}
92%
Itsy Bitsy spider crawled up the {waterspout}
91%
Baa baa black sheep, have you any {wool}?
90%
This little piggy went to {market} / This little piggy stayed at home
90%
Mary had a little lamb its fleece was {white} {as} {snow}
86%
Jack fell down and broke his {crown} / And Jill came tumbling after
85%
There was an {old} {woman} who lived in a shoe
80%
Jack be nimble, Jack be quick / Jack jump over the {candlestick}
79%
Star light, {star} {bright} / The first star I see tonight
78%
Ring around the rosy, a {pocketful} of posies
72%
Old Mother Hubbard went to the {cupboard}
71%
Mary Mary quite contrary, how does your {garden} {grow}?
69%
Little Miss Muffet sat on a tuffet / Eating her {curds} {and} {whey}
68%
Red sky at night, {sailor}'{s} {delight}
57%
Georgie Porgie pudding and pie / {Kissed} {the} {girls} and made them cry
56%
Jack Sprat could eat no fat / His wife could eat {no} {lean}
47%
As I was going to St. Ives I met a man with {seven} {wives}
32%
No matching quizzes found
Score Distribution
Percent of People with Each Score
Percentile by Number Answered
Your Score History
You have not taken this quiz since the last reset